000 00649nam a2200241Ia 4500
001 dia_2401
003 CHAP
005 20230614092028.0
008 220117sS.A. xx 000 0 und d
010 _a172924
040 _cCHAP
082 _a660.2 C4
110 _aChemical Engineering
_9152765
245 _aCalculation & Shortcut Deskbook /
_c by the Chemical Engineering
260 _aS.l. :
_b Mcgraw-Hill,
_cS.A.
300 _a109 p.
610 _a.
650 _a1.IngenierĂ­a quĂ­mica.
_9146998
901 _a660.2 C4
902 _aM
905 _a000000S.A. A 0000000000ING00
942 _cLIBRO
_2ddc
999 _c172924
_d172924